000 00292nam a22001337a 4500
008 170306b xxu||||| |||| 00| 0 eng d
020 _a9780805338621
041 _aeng
080 _23RD
_a611
100 _a6
101 _aSHM
245 _aANATOMY & PHYSIOLOGY
_cMARIB, E.N
942 _2udc
_cBK
999 _c6925
_d6925